000 00640nam a2200217 4500
008 b xx# fre u
020 _a2604122282
020 _a9782604122289
040 _aLB-BrCRDP
082 _a362.365/PIR
100 1 _aPiret,Anne
130 0 _lFR
245 1 0 _aL'analyse structurale
_bUne méthode d'analyse de contenu pour les sciences humaines
_cAnne Piret,Jean Nizet
260 _aBelgique
_bDeboeck université
_c1996
300 _a175p.;
_c24cm
490 0 _aMéthodes en sciences humaines
650 _aSciences humaines
700 1 0 _aNizet,Jean
942 _cBK
999 _c16507
_d16507